[Event "2021 FIDE Online Olympiad"]
[Site "Chess.com"]
[Date "2021.08.29"]
[Round "8.1"]
[White "Anquandah, Francis Eric"]
[Black "Ynojosa Aponte, Felix Jose"]
[Result "0-1"]
[WhiteElo "2031"]
[BlackElo "2415"]
[PlyCount "118"]
[EventDate "2021.08.27"]
[EventType "team"]
[EventRounds "9"]
[SourceVersionDate "2018.05.14"]
[WhiteTeam "Ghana"]
[BlackTeam "Venezuela"]
[WhiteTeamCountry "GHA"]
[BlackTeamCountry "VEN"]

1. e4 c5 2. Nf3 Nc6 3. d4 cxd4 4. Nxd4 e5 5. Nb5 d6 6. N1c3 a6 7. Na3 b5 8. Nd5
Nf6 9. Bg5 Be7 10. Nxe7 Qxe7 11. Bd3 h6 12. Bh4 g5 13. Bg3 Be6 14. c3 d5 15.
exd5 Nxd5 16. Nc2 O-O-O 17. Qe2 f5 18. Bxe5 Nxe5 19. Qxe5 Nf4 20. Bxf5 Rhe8 21.
O-O Qb7 22. Ne3 Bxf5 23. Qxf5+ Kb8 24. Qg4 h5 25. Qf3 Qxf3 26. gxf3 Rd2 27. b3
Ne2+ 28. Kg2 Nxc3 29. Kh1 Rf8 30. Rac1 Nxa2 31. Rc5 Rxf3 32. Rxg5 Nb4 33. Rg3
Rf4 34. Kg2 Nd3 35. Rf3 Rb4 36. Ra1 Rxb3 37. Rf8+ Kb7 38. Rf7+ Kb6 39. Rf6+ Kc5
40. Raxa6 Rbb2 41. Rfc6+ Kd4 42. Rd6+ Kc3 43. Ra3+ Rb3 44. Rxb3+ Kxb3 45. Rf6
b4 46. Kg3 Nc5 47. f3 Rd3 48. Kf2 Rd2+ 49. Kg3 Re2 50. Nd5 Kc4 51. Nf4 Re7 52.
Rb6 Rb7 53. Rc6 b3 54. Ne6 b2 55. Rxc5+ Kb4 56. Rxh5 b1=Q 57. Nf4 Qg1+ 58. Kh4
Rg7 59. h3 Qg3# 0-1

[Event "2021 FIDE Online Olympiad"]
[Site "Chess.com"]
[Date "2021.08.29"]
[Round "8.2"]
[White "Abiad Parra, Carlos Jose"]
[Black "Adu-Poku, Kwabena"]
[Result "1-0"]
[WhiteElo "2050"]
[BlackElo "1831"]
[PlyCount "77"]
[EventDate "2021.08.27"]
[EventType "team"]
[EventRounds "9"]
[SourceVersionDate "2018.05.14"]
[WhiteTeam "Venezuela"]
[BlackTeam "Ghana"]
[WhiteTeamCountry "VEN"]
[BlackTeamCountry "GHA"]

1. e4 c5 2. Nf3 Nc6 3. Bb5 g6 4. O-O Bg7 5. Re1 e5 6. c3 Nge7 7. Na3 O-O 8. Nc2
d5 9. exd5 Qxd5 10. Ne3 Qd6 11. Nc4 Qc7 12. Qe2 a6 13. Bxc6 Nxc6 14. d3 b5 15.
Ncxe5 Nxe5 16. Nxe5 Re8 17. Bf4 Bb7 18. d4 cxd4 19. cxd4 f6 20. Nd3 Qc6 21. Qg4
f5 22. Qg3 Bxd4 23. Be5 Bxe5 24. Nxe5 Qf6 25. f4 Red8 26. Rad1 Rac8 27. Qb3+
Kg7 28. Rxd8 Rxd8 29. Rc1 Re8 30. Rc7+ Re7 31. Qc3 Qb6+ 32. Rc5 Qf6 33. b4 h6
34. Qd4 Kh7 35. Qd8 g5 36. Rc7 Rxc7 37. Qxf6 Rc1+ 38. Kf2 Rc2+ 39. Ke1 1-0

[Event "2021 FIDE Online Olympiad"]
[Site "Chess.com"]
[Date "2021.08.29"]
[Round "8.4"]
[White "Gutierrez Salazar, Leonela"]
[Black "Ayiku, Angela Naa Amerley"]
[Result "1-0"]
[WhiteElo "2031"]
[BlackElo "1415"]
[PlyCount "77"]
[EventDate "2021.08.27"]
[EventType "team"]
[EventRounds "9"]
[SourceVersionDate "2018.05.14"]
[WhiteTeam "Venezuela"]
[BlackTeam "Ghana"]
[WhiteTeamCountry "VEN"]
[BlackTeamCountry "GHA"]

1. e4 c5 2. Nf3 a6 3. d4 cxd4 4. Nxd4 g6 5. Be3 Bg7 6. Be2 d6 7. O-O Qc7 8. Kh1
Nc6 9. Nc3 Nf6 10. f4 O-O 11. Bf3 b5 12. Nxc6 Qxc6 13. e5 d5 14. exf6 Bxf6 15.
Bxd5 Qc7 16. Bxa8 Bf5 17. Nd5 Qxc2 18. Nxf6+ exf6 19. Qxc2 Bxc2 20. Rfc1 Bf5
21. Bd5 Rd8 22. Bb3 a5 23. a4 b4 24. Rc7 Be6 25. Bxe6 fxe6 26. Rac1 Rd3 27. Ra7
Rd8 28. Bd4 f5 29. h3 h5 30. Rcc7 Kf8 31. Rf7+ Kg8 32. Rg7+ Kh8 33. Rxg6+ Rxd4
34. Rxe6 Rd8 35. Rh6+ Kg8 36. Rxh5 Rf8 37. Rhh7 Rf7 38. Rhxf7 b3 39. Rfb7 1-0

[Event "2021 FIDE Online Olympiad"]
[Site "Chess.com"]
[Date "2021.08.29"]
[Round "8.2"]
[White "Schwarz, Bernhard"]
[Black "Ortiz, Marcos"]
[Result "1/2-1/2"]
[WhiteElo "1588"]
[BlackElo "2221"]
[PlyCount "139"]
[EventDate "2021.08.27"]
[EventType "team"]
[EventRounds "9"]
[SourceVersionDate "2018.05.14"]
[WhiteTeam "Namibia"]
[BlackTeam "Nicaragua"]
[WhiteTeamCountry "NAM"]
[BlackTeamCountry "NCA"]

1. d4 Nf6 2. c4 c5 3. d5 b5 4. cxb5 a6 5. bxa6 Bxa6 6. Nc3 d6 7. g3 g6 8. Bg2
Bg7 9. Nf3 Nbd7 10. Rb1 Nb6 11. b3 O-O 12. O-O Ne8 13. Bd2 Nc7 14. Nh4 Bb7 15.
e4 Bxc3 16. Bxc3 Rxa2 17. Qg4 Nb5 18. Bb2 c4 19. Nf5 c3 20. Ba1 Bc8 21. Nh6+
Kg7 22. Qg5 e5 23. Qe3 Nd4 24. Bxc3 Ne2+ 25. Kh1 Nxc3 26. Rbc1 Nb5 27. Rc6 Nd4
28. Rc3 Ba6 29. Rd1 Re2 30. Qc1 Rxf2 31. Rxd4 exd4 32. Rc7 d3 33. Ng4 d2 34.
Qc3+ Rf6 35. Qxd2 g5 36. Qd4 h5 37. Nxf6 Qxf6 38. Qxb6 Qa1+ 39. Qg1 Qb2 40. Qc1
Qxc1+ 41. Rxc1 Rb8 42. Rc3 Kf6 43. Kg1 Ke5 44. Kf2 Kd4 45. Rf3 Rb7 46. h3 Bd3
47. Rf5 g4 48. hxg4 hxg4 49. Rf4 Rxb3 50. Rxg4 Rb2+ 51. Kg1 Re2 52. Rf4 Bxe4
53. Bxe4 Rxe4 54. Rxf7 Kxd5 55. Kf2 Kd4 56. Rg7 d5 57. g4 Kd3 58. g5 d4 59. g6
Rg4 60. Rg8 Kd2 61. g7 d3 62. Kf1 Rg6 63. Kf2 Rf6+ 64. Kg1 Kd1 65. Rd8 Rg6+ 66.
Kf2 Rxg7 67. Rxd3+ Kc2 68. Rd6 Kc3 69. Ke3 Re7+ 70. Kf4 1/2-1/2

[Event "2021 FIDE Online Olympiad"]
[Site "Chess.com"]
[Date "2021.08.29"]
[Round "8.3"]
[White "Narvaez Talavera, Joanie Ellen"]
[Black "Mentile, Lishen"]
[Result "1/2-1/2"]
[WhiteElo "1743"]
[BlackElo "1477"]
[PlyCount "106"]
[EventDate "2021.08.27"]
[EventType "team"]
[EventRounds "9"]
[SourceVersionDate "2018.05.14"]
[WhiteTeam "Nicaragua"]
[BlackTeam "Namibia"]
[WhiteTeamCountry "NCA"]
[BlackTeamCountry "NAM"]

1. d4 d5 2. c4 dxc4 3. e3 Nf6 4. Bxc4 Bf5 5. Nf3 a6 6. O-O e6 7. a4 Nc6 8. Nc3
Be7 9. Re1 O-O 10. e4 Bg4 11. d5 Ne5 12. Be2 Bxf3 13. Bxf3 exd5 14. exd5 Bd6
15. Bg5 h6 16. Bh4 Ng6 17. Bxf6 Qxf6 18. Ne4 Qe5 19. Ng3 Qf6 20. Qc2 Ne5 21.
Be2 Rfe8 22. Rac1 Qg5 23. Ne4 Qf5 24. Nxd6 Qxc2 25. Rxc2 cxd6 26. Rec1 Nd7 27.
b4 Nb6 28. Bf3 Nxa4 29. Rc7 Rab8 30. Kf1 Nb2 31. Be2 Na4 32. b5 axb5 33. Bxb5
Nb6 34. Bxe8 Rxe8 35. Rxb7 Nxd5 36. Rd1 Nf4 37. g3 Ne6 38. Rxd6 Nc5 39. Ra7 Ne4
40. Rdd7 Rf8 41. Re7 Nd6 42. Re1 Nc4 43. Rea1 Nd2+ 44. Kg2 Ne4 45. Ra8 Rxa8 46.
Rxa8+ Kh7 47. h4 Kg6 48. g4 Nd2 49. f4 f6 50. h5+ Kh7 51. Ra7 Ne4 52. Kf3 Nd6
53. Rd7 Nc4 1/2-1/2

[Event "2021 FIDE Online Olympiad"]
[Site "Chess.com"]
[Date "2021.08.29"]
[Round "8.4"]
[White "Niilenge, Maria"]
[Black "Munoz Cortez, Anahi Alexandra"]
[Result "0-1"]
[WhiteElo "1231"]
[BlackElo "1303"]
[PlyCount "112"]
[EventDate "2021.08.27"]
[EventType "team"]
[EventRounds "9"]
[SourceVersionDate "2018.05.14"]
[WhiteTeam "Namibia"]
[BlackTeam "Nicaragua"]
[WhiteTeamCountry "NAM"]
[BlackTeamCountry "NCA"]

1. e4 e5 2. Nf3 Nc6 3. d4 exd4 4. Nxd4 Nxd4 5. Qxd4 d6 6. Nc3 Qf6 7. Qe3 Be6 8.
Bd3 Ne7 9. Bd2 Nc6 10. Bb5 Bd7 11. O-O Be7 12. Rfe1 O-O 13. Bd3 h6 14. Rab1 a6
15. Nd5 Qe5 16. Bc3 Qg5 17. Qf3 Rac8 18. Nxe7+ Qxe7 19. Qg3 f6 20. Qg6 Qf7 21.
Qxf7+ Rxf7 22. Bc4 Re8 23. Bxf7+ Kxf7 24. h3 Be6 25. a3 b5 26. Bd2 Nd4 27. Rbc1
c5 28. Ba5 Re7 29. c3 Nb3 30. Rcd1 Nxa5 31. Rxd6 Bc8 32. Rd5 c4 33. Kf1 Bb7 34.
Rd4 Nb3 35. Rdd1 Nc5 36. f3 Nd3 37. Re2 Bc8 38. Red2 f5 39. exf5 Bxf5 40. Kg1
a5 41. Kf1 Kf6 42. Re2 Rb7 43. Re8 Nxb2 44. Rd2 Nd3 45. Rf8+ Rf7 46. Rb8 Bd7
47. Ra8 a4 48. Ra6+ Kg5 49. Re2 h5 50. Re4 Bf5 51. Re3 g6 52. Rb6 Bd7 53. Re4
Nf4 54. Rd4 Re7 55. Kf2 Re2+ 56. Kf1 Be8 0-1

[Event "2021 FIDE Online Olympiad"]
[Site "Chess.com"]
[Date "2021.08.29"]
[Round "8.5"]
[White "Salazar Cabezas, Alberto Javier"]
[Black "Gaoseb, Manfredo"]
[Result "1-0"]
[WhiteElo "2124"]
[BlackElo "1647"]
[PlyCount "63"]
[EventDate "2021.08.27"]
[EventType "team"]
[EventRounds "9"]
[SourceVersionDate "2018.05.14"]
[WhiteTeam "Nicaragua"]
[BlackTeam "Namibia"]
[WhiteTeamCountry "NCA"]
[BlackTeamCountry "NAM"]

1. Nf3 Nf6 2. c4 g6 3. b3 Bg7 4. Bb2 O-O 5. g3 b6 6. Bg2 Bb7 7. O-O c5 8. Nc3
Nc6 9. e3 d5 10. d4 cxd4 11. exd4 dxc4 12. bxc4 Na5 13. Qe2 Rc8 14. Ba3 Re8 15.
c5 bxc5 16. Bxc5 Rxc5 17. dxc5 Nd5 18. Nxd5 Bxa1 19. Rxa1 Qxd5 20. Qb5 Qd8 21.
Rc1 Bc6 22. Qa6 Qc7 23. Nd4 Bxg2 24. Kxg2 Rd8 25. Rd1 Qxc5 26. Ne6 fxe6 27.
Qxe6+ Kg7 28. Rxd8 Qc6+ 29. Qxc6 Nxc6 30. Rc8 Nb4 31. a3 Nd3 32. Ra8 1-0

[Event "2021 FIDE Online Olympiad"]
[Site "Chess.com"]
[Date "2021.08.29"]
[Round "8.6"]
[White "Beukes, Jamie-Nicole"]
[Black "Cabezas Calero, Abigail Carolina"]
[Result "0-1"]
[WhiteElo "1128"]
[BlackElo "1382"]
[PlyCount "74"]
[EventDate "2021.08.27"]
[EventType "team"]
[EventRounds "9"]
[SourceVersionDate "2018.05.14"]
[WhiteTeam "Namibia"]
[BlackTeam "Nicaragua"]
[WhiteTeamCountry "NAM"]
[BlackTeamCountry "NCA"]

1. e4 e6 2. d4 d5 3. exd5 exd5 4. Nc3 Nc6 5. Nf3 Bf5 6. Bb5 a6 7. Ba4 Nf6 8.
Bg5 Be7 9. O-O O-O 10. Re1 h6 11. Bh4 b5 12. Bb3 b4 13. Bxf6 Bxf6 14. Nxd5 Bg4
15. Nxf6+ Qxf6 16. d5 Na5 17. Ba4 Qxb2 18. Qd3 Nb7 19. Bc6 Rab8 20. Qxa6 Nd6
21. Ne5 Bc8 22. Qd3 Bf5 23. Qb3 Qd4 24. Rad1 Qf4 25. Bd7 Be4 26. Nc6 Ra8 27.
Qxb4 Rxa2 28. f3 Rxc2 29. Qd4 Qg5 30. Bh3 Bxf3 31. Rd3 Rxg2+ 32. Kf1 Rxh2 33.
Rxf3 Rh1+ 34. Ke2 Re8+ 35. Kd1 Rhxe1+ 36. Kc2 Qc1+ 37. Kd3 Rd1# 0-1

[Event "2021 FIDE Online Olympiad"]
[Site "Chess.com"]
[Date "2021.08.29"]
[Round "9.1"]
[White "Khoa, Goodwill"]
[Black "Zilleruelo Irizarry, Diego"]
[Result "0-1"]
[WhiteElo "1846"]
[BlackElo "2119"]
[PlyCount "108"]
[EventDate "2021.08.27"]
[EventType "team"]
[EventRounds "9"]
[SourceVersionDate "2018.05.14"]
[WhiteTeam "Namibia"]
[BlackTeam "Puerto Rico"]
[WhiteTeamCountry "NAM"]
[BlackTeamCountry "PUR"]

1. Nf3 Nf6 2. c4 g6 3. Nc3 d5 4. g3 Bg7 5. cxd5 Nxd5 6. Bg2 O-O 7. O-O Nc6 8.
Qb3 Nb6 9. d3 Bg4 10. Re1 Bxf3 11. Bxf3 Nd4 12. Qd1 Nxf3+ 13. exf3 e6 14. Be3
Nd5 15. Qb3 b6 16. Nxd5 Qxd5 17. Qxd5 exd5 18. Rac1 c5 19. Rc2 Rfe8 20. Rce2
Re6 21. b3 Bc3 22. Rc1 d4 23. Rcc2 Rae8 24. Kf1 dxe3 25. Rxc3 exf2 26. Rxe6
Rxe6 27. Kxf2 Kf8 28. Rc4 Rd6 29. Ke3 Re6+ 30. Kd2 Rd6 31. b4 cxb4 32. Rxb4 Ke7
33. Rc4 Kd7 34. Rf4 f5 35. Kc3 Kc6 36. Rc4+ Kb7 37. d4 b5 38. Rc5 Kb6 39. Re5
a5 40. a3 Rc6+ 41. Kd3 b4 42. a4 Rc3+ 43. Ke2 Ra3 44. Re6+ Kc7 45. Re7+ Kc6 46.
Rxh7 Rxa4 47. Kd3 Ra3+ 48. Ke2 a4 49. Rg7 b3 50. Kd3 b2+ 51. Kc2 Rb3 52. Kb1 a3
53. Ra7 Kd5 54. Ka2 b1=Q# 0-1

[Event "2021 FIDE Online Olympiad"]
[Site "Chess.com"]
[Date "2021.08.29"]
[Round "9.2"]
[White "Rodriguez Santiago, Jaime"]
[Black "Eichab, Charles"]
[Result "0-1"]
[WhiteElo "2037"]
[BlackElo "2016"]
[PlyCount "156"]
[EventDate "2021.08.27"]
[EventType "team"]
[EventRounds "9"]
[SourceVersionDate "2018.05.14"]
[WhiteTeam "Puerto Rico"]
[BlackTeam "Namibia"]
[WhiteTeamCountry "PUR"]
[BlackTeamCountry "NAM"]

1. c4 Nf6 2. Nc3 c5 3. g3 d6 4. Bg2 Nc6 5. e4 g6 6. Nge2 Bg7 7. h3 O-O 8. O-O
Rb8 9. d3 a6 10. a4 Nd7 11. Be3 Nd4 12. f4 b6 13. g4 Bb7 14. Ng3 Bc6 15. Kh2 b5
16. axb5 axb5 17. Rb1 bxc4 18. dxc4 Rb4 19. b3 Qb6 20. Bxd4 cxd4 21. Nd5 Bxd5
22. exd5 Nc5 23. Re1 Re8 24. Ne4 Nxb3 25. Nxd6 Qxd6 26. Rxb3 Reb8 27. Rxb4 Rxb4
28. Qc1 Qc5 29. Bf1 d3 30. Qe3 Rb2+ 31. Bg2 Qxe3 32. Rxe3 d2 33. Rd3 Bc3 34.
Kg3 Rb1 35. Bf3 Bb4 36. Kf2 Re1 37. f5 gxf5 38. gxf5 Kg7 39. h4 Kf6 40. Bg4
Bc5+ 41. Kg2 Bb4 42. c5 Bxc5 43. Rxd2 Rg1+ 44. Kh3 Bd6 45. Rd3 Rh1+ 46. Kg2
Rxh4 47. Bh3 Rb4 48. Kf3 Rb1 49. Kg2 h5 50. Kf3 Rh1 51. Kg2 Rh2+ 52. Kg1 Rb2
53. Bg2 Kxf5 54. Rf3+ Bf4 55. Rd3 Rd2 56. Rb3 Kg4 57. Kf1 h4 58. Bh3+ Kg5 59.
Bg2 f6 60. Rb5 Bd6 61. Rb3 f5 62. Bf3 Bc5 63. Be2 Rxd5 64. Kg2 Rd2 65. Kf1 e5
66. Rb8 Kf4 67. Rc8 Bd4 68. Rh8 Ke3 69. Rxh4 Rxe2 70. Rh3+ Kd2 71. Ra3 Re1+ 72.
Kg2 Rg1+ 73. Kf3 Rf1+ 74. Kg2 Rf2+ 75. Kg3 f4+ 76. Kg4 e4 77. Ra4 Kd3 78. Ra3+
Bc3 0-1

[Event "2021 FIDE Online Olympiad"]
[Site "Chess.com"]
[Date "2021.08.29"]
[Round "9.3"]
[White "Mentile, Lishen"]
[Black "Vazquez Maccarini, Danitza"]
[Result "0-1"]
[WhiteElo "1477"]
[BlackElo "2014"]
[PlyCount "130"]
[EventDate "2021.08.27"]
[EventType "team"]
[EventRounds "9"]
[SourceVersionDate "2018.05.14"]
[WhiteTeam "Namibia"]
[BlackTeam "Puerto Rico"]
[WhiteTeamCountry "NAM"]
[BlackTeamCountry "PUR"]

1. e4 e5 2. Nf3 Nc6 3. Bc4 Bc5 4. O-O Nf6 5. Nc3 O-O 6. d3 h6 7. Be3 d6 8. h3
a6 9. a3 Ba7 10. Re1 Ne7 11. Ne2 Ng6 12. Ng3 c6 13. d4 d5 14. dxe5 Nxe4 15.
Nxe4 dxe4 16. Bxa7 Qxd1 17. Raxd1 exf3 18. Bc5 Re8 19. Bd4 fxg2 20. Kxg2 Nf4+
21. Kg3 Ng6 22. b4 Be6 23. Bxe6 Rxe6 24. f4 Ne7 25. Bc5 Rg6+ 26. Kf3 Nf5 27.
Rd7 b5 28. Ke4 Ng3+ 29. Kf3 Re8 30. h4 Nf5 31. h5 Rge6 32. Kg4 Ne7 33. Bxe7
R8xe7 34. Red1 Rxd7 35. Rxd7 Kf8 36. Kf5 Ke8 37. Ra7 g6+ 38. hxg6 Rxg6 39. Rxa6
h5 40. Ra8+ Ke7 41. Rh8 Rg2 42. Rxh5 Rxc2 43. Rh3 Re2 44. Rc3 Ra2 45. Rxc6 Rxa3
46. Rb6 Rh3 47. Rxb5 Rh5+ 48. Ke4 Ke6 49. Rb6+ Kd7 50. b5 Rh7 51. Rb7+ Kc8 52.
Ra7 Kb8 53. Re7 f5+ 54. Kxf5 Rxe7 55. Kf6 Re8 56. f5 Kc7 57. e6 Kd6 58. b6 Rf8+
59. Kg5 Rb8 60. Kf6 Rxb6 61. e7 Kd7+ 62. Kf7 Rb8 63. f6 Re8 64. Kg7 Ke6 65. Kh7
Kxf6 0-1

[Event "2021 FIDE Online Olympiad"]
[Site "Chess.com"]
[Date "2021.08.29"]
[Round "9.4"]
[White "Rivera Negron, Yanira"]
[Black "Horn, Lure"]
[Result "1/2-1/2"]
[WhiteElo "1773"]
[BlackElo "1066"]
[PlyCount "74"]
[EventDate "2021.08.27"]
[EventType "team"]
[EventRounds "9"]
[SourceVersionDate "2018.05.14"]
[WhiteTeam "Puerto Rico"]
[BlackTeam "Namibia"]
[WhiteTeamCountry "PUR"]
[BlackTeamCountry "NAM"]

1. d4 d5 2. Nf3 Nf6 3. Bf4 Bf5 4. e3 e6 5. Bd3 Bg6 6. Nbd2 Nc6 7. a3 Bd6 8. O-O
O-O 9. Ne5 Bxe5 10. Bxe5 Ne4 11. Bxe4 Bxe4 12. Nxe4 dxe4 13. Bg3 Na5 14. Qe2
Qd5 15. Bxc7 b6 16. b3 f6 17. Rab1 e5 18. dxe5 fxe5 19. Rfd1 Qe6 20. Bd6 Rfd8
21. Bb4 Nc6 22. Bc3 Rac8 23. Rxd8+ Rxd8 24. Rd1 Qe7 25. g3 Qxa3 26. Qc4+ Kh8
27. Rxd8+ Nxd8 28. Bxe5 h6 29. Qc7 Ne6 30. Qc8+ Qf8 31. Qxe6 Qf3 32. Bd4 Qd1+
33. Kg2 Qf3+ 34. Kh3 Qh5+ 35. Kg2 Qf3+ 36. Kf1 Qd1+ 37. Kg2 Qf3+ 1/2-1/2

[Event "2021 FIDE Online Olympiad"]
[Site "Chess.com"]
[Date "2021.08.29"]
[Round "9.5"]
[White "Gaoseb, Manfredo"]
[Black "Gerena Rivas, Eliam"]
[Result "0-1"]
[WhiteElo "1647"]
[BlackElo "1954"]
[PlyCount "62"]
[EventDate "2021.08.27"]
[EventType "team"]
[EventRounds "9"]
[SourceVersionDate "2018.05.14"]
[WhiteTeam "Namibia"]
[BlackTeam "Puerto Rico"]
[WhiteTeamCountry "NAM"]
[BlackTeamCountry "PUR"]

1. e4 c5 2. Nf3 e6 3. c3 d5 4. exd5 Qxd5 5. Bb5+ Nc6 6. O-O Nf6 7. d4 Bd7 8.
Bf4 cxd4 9. Nxd4 Nxd4 10. c4 Qe4 11. Bxd7+ Nxd7 12. Be3 Nf5 13. Nc3 Qe5 14. Re1
Nxe3 15. Rxe3 Qc5 16. Qa4 Qc6 17. Qb3 Be7 18. Nd5 Bd8 19. Qa3 Nc5 20. Rd1 O-O
21. Nb4 Qc7 22. Rh3 Bf6 23. Nd3 Nxd3 24. Rdxd3 Rfd8 25. Qb3 Rxd3 26. Qxd3 g6
27. Qe3 Rd8 28. g3 Rd1+ 29. Kg2 Qc6+ 30. f3 Bd4 31. Qh6 Rg1# 0-1

[Event "2021 FIDE Online Olympiad"]
[Site "Chess.com"]
[Date "2021.08.29"]
[Round "9.6"]
[White "Richiez Guillen, Ciara Bernadette"]
[Black "Van Wyk, Keisha C"]
[Result "1-0"]
[WhiteElo "1417"]
[BlackElo "1207"]
[PlyCount "79"]
[EventDate "2021.08.27"]
[EventType "team"]
[EventRounds "9"]
[SourceVersionDate "2018.05.14"]
[WhiteTeam "Puerto Rico"]
[BlackTeam "Namibia"]
[WhiteTeamCountry "PUR"]
[BlackTeamCountry "NAM"]

1. d4 Nf6 2. c4 g6 3. Nc3 Bg7 4. e4 d6 5. Nf3 O-O 6. Be2 Nbd7 7. O-O c6 8. Re1
Qc7 9. Be3 Rd8 10. h3 e5 11. d5 Nc5 12. Qc2 cxd5 13. cxd5 Ncxe4 14. Rac1 Nxc3
15. bxc3 Nxd5 16. Bg5 Re8 17. c4 Bf5 18. Qb3 Nf4 19. Bxf4 exf4 20. Bd3 Be6 21.
Ng5 Bd7 22. c5 Rf8 23. Bc4 Kh8 24. Nxf7+ Kg8 25. Nxd6+ Kh8 26. Nf7+ Kg8 27. Re7
Rad8 28. Nh6+ Kh8 29. Nf7+ Kg8 30. Nxd8+ Kh8 31. Rxg7 Kxg7 32. Qc3+ Kh6 33.
Nf7+ Kh5 34. Qf3+ Kh4 35. g3+ fxg3 36. Qe4+ Kh5 37. Be2+ Bg4 38. Bxg4+ Kh4 39.
Be6+ Kh5 40. Qg4# 1-0

[Event "2021 FIDE Online Olympiad"]
[Site "Chess.com"]
[Date "2021.08.29"]
[Round "9.2"]
[White "Ortiz, Marcos"]
[Black "Abiad Parra, Carlos Jose"]
[Result "1/2-1/2"]
[WhiteElo "2221"]
[BlackElo "2050"]
[PlyCount "59"]
[EventDate "2021.08.27"]
[EventType "team"]
[EventRounds "9"]
[SourceVersionDate "2018.05.14"]
[WhiteTeam "Nicaragua"]
[BlackTeam "Venezuela"]
[WhiteTeamCountry "NCA"]
[BlackTeamCountry "VEN"]

1. e4 c5 2. Nf3 g6 3. d4 cxd4 4. Nxd4 Nc6 5. Nc3 Bg7 6. Be3 Nf6 7. Bc4 O-O 8.
Bb3 d6 9. f3 Bd7 10. Qd2 Nxd4 11. Bxd4 b5 12. a4 b4 13. Nd5 Nxd5 14. Bxg7 Kxg7
15. exd5 Qb6 16. h4 h5 17. O-O-O a5 18. Rde1 Rae8 19. g4 Rh8 20. Re4 f6 21. Qe2
Kf7 22. Re1 Qd8 23. Qg2 hxg4 24. fxg4 Rxh4 25. Qg3 g5 26. Kb1 Qc8 27. Qe3 Qd8
28. Qg3 Qc8 29. Qe3 Qd8 30. Qg3 1/2-1/2

[Event "2021 FIDE Online Olympiad"]
[Site "Chess.com"]
[Date "2021.08.29"]
[Round "9.3"]
[White "Alvarado Arcila, Marvia Josefina"]
[Black "Granados Diaz, Maria Esther"]
[Result "0-1"]
[WhiteElo "1898"]
[BlackElo "1797"]
[PlyCount "132"]
[EventDate "2021.08.27"]
[EventType "team"]
[EventRounds "9"]
[SourceVersionDate "2018.05.14"]
[WhiteTeam "Venezuela"]
[BlackTeam "Nicaragua"]
[WhiteTeamCountry "VEN"]
[BlackTeamCountry "NCA"]

1. c4 e5 2. Nc3 Nf6 3. g3 Nc6 4. Bg2 Bc5 5. d3 a5 6. e3 O-O 7. Nge2 d6 8. O-O
h6 9. h3 Nh7 10. f4 exf4 11. Nxf4 Ng5 12. d4 Bb6 13. Kh2 Ne7 14. e4 Ne6 15.
Nce2 Nxf4 16. Bxf4 f5 17. exf5 Nxf5 18. Qd3 c6 19. Bd2 d5 20. cxd5 cxd5 21. Nf4
Ne7 22. Rae1 Bf5 23. Qe3 Rf7 24. Bc3 Qd7 25. g4 Bh7 26. Qe6 Qxe6 27. Nxe6 Rxf1
28. Rxf1 Bd3 29. Re1 Bc4 30. b3 Bb5 31. Nc5 Nc6 32. Bxd5+ Kh8 33. Re6 Rd8 34.
Bc4 Bc7+ 35. Kg1 Bxc4 36. bxc4 Nxd4 37. Bxd4 Rxd4 38. Nxb7 Rxc4 39. Re8+ Kh7
40. Nd8 Rc1+ 41. Kf2 Rc2+ 42. Kf3 Bxd8 43. Rxd8 Rxa2 44. Ra8 a4 45. Ra6 a3 46.
Ke3 Rh2 47. h4 Rxh4 48. Kf4 Rh3 49. g5 h5 50. Kf5 Rf3+ 51. Ke4 Rg3 52. Kf4 Rg4+
53. Kf5 Rg3 54. Ra8 h4 55. Ra4 h3 56. g6+ Rxg6 57. Rxa3 Rh6 58. Ra1 h2 59. Rh1
g6+ 60. Kg5 Rh5+ 61. Kg4 Kh6 62. Kg3 Kg5 63. Kg2 Kg4 64. Kf2 Kh3 65. Rc1 Rf5+
66. Ke2 Kg2 0-1

[Event "2021 FIDE Online Olympiad"]
[Site "Chess.com"]
[Date "2021.08.29"]
[Round "9.4"]
[White "Alvarez Gutierrez, Patricia"]
[Black "Gutierrez Salazar, Leonela"]
[Result "0-1"]
[WhiteElo "1348"]
[BlackElo "2031"]
[PlyCount "116"]
[EventDate "2021.08.27"]
[EventType "team"]
[EventRounds "9"]
[SourceVersionDate "2018.05.14"]
[WhiteTeam "Nicaragua"]
[BlackTeam "Venezuela"]
[WhiteTeamCountry "NCA"]
[BlackTeamCountry "VEN"]

1. d4 Nf6 2. Bf4 d6 3. Nc3 Nbd7 4. e4 e5 5. Bg5 c6 6. Nf3 Be7 7. Bc4 O-O 8. O-O
b5 9. Bd3 h6 10. Bh4 Re8 11. Re1 Qc7 12. h3 b4 13. Ne2 c5 14. dxe5 dxe5 15. c3
c4 16. Bc2 Bb7 17. cxb4 Nxe4 18. Bxe7 Rxe7 19. Bxe4 Bxe4 20. Nc3 Bb7 21. Nd5
Bxd5 22. Qxd5 Rb8 23. a3 a5 24. Rac1 axb4 25. Rxc4 Qb7 26. Qxb7 Rxb7 27. axb4
f6 28. Nh4 Nb6 29. Rce4 Nd5 30. Nf5 Rec7 31. Nd6 Rb6 32. Nf5 Nxb4 33. Ne3 Rbb7
34. Rxb4 Rxb4 35. Nd5 Rcb7 36. Nxb4 Rxb4 37. Re2 Kf7 38. Kh2 Ke6 39. Kg3 Kd5
40. Rd2+ Kc6 41. Rc2+ Kd6 42. Rd2+ Ke6 43. Kf3 g5 44. g4 f5 45. gxf5+ Kxf5 46.
Kg3 Rb3+ 47. Kg2 h5 48. f3 Kf4 49. Rf2 h4 50. Rc2 Rxf3 51. Rc4+ e4 52. Rc7 Rg3+
53. Kf1 Rb3 54. Rc2 Rxh3 55. b4 Rb3 56. Rc4 Kf3 57. Ke1 e3 58. Rc2 Rb1+ 0-1

[Event "2021 FIDE Online Olympiad"]
[Site "Chess.com"]
[Date "2021.08.29"]
[Round "9.5"]
[White "Castro Silva, Moises Antonio"]
[Black "Espinoza Solano, Jose Nahum"]
[Result "1/2-1/2"]
[WhiteElo "1926"]
[BlackElo "1915"]
[PlyCount "118"]
[EventDate "2021.08.27"]
[EventType "team"]
[EventRounds "9"]
[SourceVersionDate "2018.05.14"]
[WhiteTeam "Venezuela"]
[BlackTeam "Nicaragua"]
[WhiteTeamCountry "VEN"]
[BlackTeamCountry "NCA"]

1. e4 e5 2. Nf3 Nc6 3. Bb5 Nf6 4. O-O Nxe4 5. d4 Nd6 6. Bxc6 dxc6 7. dxe5 Nf5
8. Qxd8+ Kxd8 9. Bg5+ Ke8 10. Nc3 h6 11. Bd2 Be6 12. Rad1 Rd8 13. Bc1 Be7 14.
h3 a6 15. g4 Nh4 16. Nxh4 Bxh4 17. f4 Ke7 18. b3 Rxd1 19. Rxd1 b6 20. Ba3+ Ke8
21. f5 Bc8 22. Ne2 Be7 23. Bxe7 Kxe7 24. Nd4 Bb7 25. e6 c5 26. Ne2 fxe6 27. Nf4
Kf6 28. Nxe6 h5 29. Rd7 hxg4 30. hxg4 g6 31. Rxc7 Be4 32. Nf4 gxf5 33. gxf5
Kxf5 34. Nd3 Rh1+ 35. Kf2 Rh2+ 36. Ke3 Rh3+ 37. Kd2 Rh6 38. Kc3 Ke6 39. a4 Kd6
40. Ra7 a5 41. Nb2 Rh3+ 42. Nd3 Kc6 43. Re7 Bh7 44. Re6+ Kb7 45. Rf6 Be4 46.
Kc4 Bxd3+ 47. cxd3 Rh4+ 48. Kc3 Kc7 49. Rf7+ Kc6 50. Rf6+ Kb7 51. Rf7+ Ka6 52.
Rf6 Rd4 53. Rf7 Rd6 54. Rg7 b5 55. axb5+ Kxb5 56. Rb7+ Kc6 57. Ra7 Kb6 58. Ra8
Rd4 59. Rb8+ Ka6 1/2-1/2